Diffuseurs participants à l'Eurovision - Statistiques

Statistiques générales
  • Ce quiz a été pris 23 fois
  • Le résultat moyen est 13 sur 52
Statistiques - réponses
Pays Nom du diffuseur % Correct
France France Télévisions 1956
93%
Belgique RTBF/VRT 1956
67%
Royaume-Uni BBC 1957
60%
Italie RAI 1956
60%
Serbie RTS 2007
60%
*Serbie-et-Monténégro RTS/RTCG 2006
60%
Luxembourg RTL 1956
47%
Espagne RTVE/TVE 1961
40%
Bulgarie BNT 2005
33%
Israël KAN/IBA 1973
33%
Allemagne NRD/ARD 1956
33%
Suède SVT 1958
33%
Pays-Bas AVROTROS/TROS 1956
27%
Danemark DR 1957
27%
Lituanie LRT 1994
27%
Norvège NRK 1960
27%
Autriche ORF 1957
27%
Albanie RTSH 2004
27%
Australie SBS 2015
27%
Saint-Marin SMRTV 2008
27%
Monaco TMC 2007
27%
Pologne TVP 1994
27%
Roumanie TVR 1994
27%
Finlande YLE 1961
27%
Arménie AMPTV 2006
20%
Tchéquie ČT 2007
20%
Grèce ERT 1974
20%
Croatie HRT 1993
20%
Azerbaïdjan İTV 2008
20%
Malte PBS 1971
20%
Monténégro RTCG 2007
20%
Irlande RTÉ 1965
20%
Portugal RTP 1964
20%
Slovénie RTV SLO 1993
20%
Islande RÚV 1986
20%
Moldavie TRM 2005
20%
Estonie ETV 1994
13%
Géorgie GPB 2007
13%
Lettonie LTV 2000
13%
Macédoine du Nord MRT 2023
13%
Suisse SRG SSR 1956
13%
Ukraine Suspline 2003
13%
Turquie TRT 2013
13%
Bosnie-Herzégovine BHRT 2017
7%
Biélorussie/Bélarus BTRC 2021
7%
*Yougoslavie JRT 1993
7%
Hongrie MTV 2019
7%
Chypre RIK 1981
7%
Russie RTR/C1R 2022
7%
Andorre RTVA 2010
7%
Slovaquie STV 2013
0%
Maroc TVM 1981
0%
Aucun quiz correspondant
Distribution des résultats
% des personnes avec chaque résultat
Percentile par nombre de réponses
Votre historique - résultats
Vous n’avez pas pris ce quiz